| 000 | 00477nam a2200193Ia 4500 | ||
|---|---|---|---|
| 005 | 20250425161553.0 | ||
| 008 | 250425s9999 xx 000 0 und d | ||
| 020 | _a0534029760 | ||
| 041 | _aeng | ||
| 082 | _a621.380422 | ||
| 100 | _aGAGLIARDI, ROBERT M. | ||
| 245 | 0 | _aSATELLITE COMMUNICATIONS | |
| 250 | _a1ST ED. | ||
| 260 | _aCALIFORNIA CITY | ||
| 260 |
_aEstados Unidos _bLIFETIME LEARNING PUBLICATIONS _c1984 |
||
| 300 | _a474 | ||
| 942 | _c01 | ||
| 010 | _a23234 | ||
| 999 |
_c211807 _d211807 |
||